Layālī, Saṭīḥ. (Record no. 48250)
[ view plain ]
| 000 -LEADER | |
|---|---|
| fixed length control field | 00693cam a22002531 4500 |
| 001 - CONTROL NUMBER | |
| control field | ne 65001415 |
| 003 - CONTROL NUMBER IDENTIFIER | |
| control field | DLC |
| 005 - DATE AND TIME OF LATEST TRANSACTION | |
| control field | 20260227111815.0 |
| 008 - FIXED-LENGTH DATA ELEMENTS--GENERAL INFORMATION | |
| fixed length control field | 890331s1964 xx abc 000 0 ara |
| 010 ## - LIBRARY OF CONGRESS CONTROL NUMBER | |
| LC control number | ne 65001415 |
| 035 ## - SYSTEM CONTROL NUMBER | |
| System control number | (OCoLC)23503896 |
| 040 ## - CATALOGING SOURCE | |
| Original cataloging agency | DLC |
| Transcribing agency | MiU |
| Modifying agency | DLC |
| 042 ## - AUTHENTICATION CODE | |
| Authentication code | premarc |
| 043 ## - GEOGRAPHIC AREA CODE | |
| Geographic area code | f-ua--- |
| 050 00 - LIBRARY OF CONGRESS CALL NUMBER | |
| Classification number | DT70 |
| Item number | .H22 |
| 100 2# - MAIN ENTRY--PERSONAL NAME | |
| Personal name | Ḥāfiẓ Ibrāhīm, Muḥammad, |
| Dates associated with a name | 1872?-1932. |
| 245 10 - TITLE STATEMENT | |
| Title | Layālī, Saṭīḥ. |
| 260 ## - PUBLICATION, DISTRIBUTION, ETC. | |
| Date of publication, distribution, etc. | 1964. |
| 300 ## - PHYSICAL DESCRIPTION | |
| Extent | 171, 90 p. |
| Other physical details | illus., maps (2 fold.) ports. |
| Dimensions | 24 cm. |
| 500 ## - GENERAL NOTE | |
| General note | Romanized. |
| 651 #0 - SUBJECT ADDED ENTRY--GEOGRAPHIC NAME | |
| Geographic name | Egypt |
| General subdivision | Civilization |
| 700 1# - ADDED ENTRY--PERSONAL NAME | |
| Personal name | Ṣidqī, ʻabd al-Raḥmān, |
| Relator term | ed. |
| 830 #0 - SERIES ADDED ENTRY--UNIFORM TITLE | |
| Uniform title | Maktabah al-ʻArabīyah ; |
| Volume/sequential designation | 9. |
No items available.